000 00674nam a2200193 i 4500
001 63150
003 ES-MaACL
005 20241210140214.0
007 t|
008 031201s1957 sp ||||1| spa d
100 1 _aFernández Saa, Miguel.
_950058
245 1 0 _aLepra... y volvió a la vida /
_cMiguel Fernández Saa ; presentación José María Pemán ; prólogo Antonio Villarejo y Garaizar.
260 _a[Bilbao] :
_bDesclée de Brouwer,
_c1957.
300 _a344 p. ;
_c18 cm.
700 1 _aPemán, José María,
_d1897-1981
_990130
700 1 _aVillarejo y Garaizar, Antonio.
_9115114
852 _aES-MaACL
_jC-13440
_bR.40767
999 _c63150
_d63150